People From What Country - Statistics

General Stats
  • This quiz has been taken 114 times
    91 since last reset
  • The average score is 17 of 24
Answer Stats
Person Country % Correct
Jesus Israel
98%
Justin Bieber Canada
95%
Kim Jong-un North Korea
93%
Cristiano Ronaldo Portugal
91%
Mahatma Gandhi India
90%
Saddam Hussein Iraq
90%
Albert Einstein Germany
89%
Fidel Castro Cuba
86%
Osama Bin Laden Saudi Arabia
84%
Genghis Khan Mongolia
83%
Elon Musk South Africa
83%
Melania Trump Slovenia
81%
Marie Curie Poland
78%
Luka Modric Croatia
73%
Magnus Carlsen Norway
69%
Malala Yousafzai Pakistan
69%
Mother Teresa North Macedonia
51%
Nicki Minaj Trinidad & Tobago
51%
Milla Jovovich Ukraine
49%
Lina Medina Peru
45%
Kristaps Porzingis Latvia
43%
Miguel Cabrera Venezuela
40%
Mariano Rivera Panama
29%
Saint Joseph Palestine
26%
No matching quizzes found
Score Distribution
Percent of People with Each Score
Percentile by Number Answered
Your Score History
You have not taken this quiz since the last reset